000 01182nam a2200313 i 4500
003 EG-GICUC
005 20260309083939.0
008 260309s1937 -usab||fr|||| 001 0 eng d
040 _aEG-GiCUC
_beng
_cEG-GiCUC
_dEG-GiCUC
_erda
041 0 _aeng
082 0 4 _221
_a341.28040
_bSA . I
092 0 4 _221
099 _aLaw1 11 341.28040 SA . I 1937
100 1 _aSaucerman , Sophia
_eAuthor.
245 1 0 _aInternational Transfers Of Territory In Europe :
_bWith Names Of The Affected Political Subdivisions As Of 1910-1914 And The Present /
_cPrepared By Sophia Saucerman Assistant Geographer, Department Of State.
264 1 _aWashington :
_bGovernment Printing Office,
_c1937.
300 _a244 pages :
_billustrations,
_c24 cm
336 _2rda content
_atext
337 _2rda media
_aComputer
338 _2rda carrier
_aOnline Resource
500 _acolor illustrations
504 _aIncludes bibliographical references and index.
546 _aText in English
650 1 4 _aPublic international law
710 2 _aThe Department Of State
856 4 0 _uhttps://fll.law.cu.edu.eg/fulltext/bks/B11-06715.pdf
905 _a48
942 _2ddc
_cBK
_e21
_n0
999 _c65866
_d65866